000 00628cab a2200253 4500
001 X93923
008 090401t1999 xxu||||| |||| 00| 0 eng d
035 _a(Sirsi) u93923
041 _aeng
100 _aExall, G.
245 _aCivil litigation brief: Woolf reforms (19)
260 _c1999
350 _a0
490 _aSolicitors` Journal
_v143(21) 28 May 1999, 516-517(2)
650 _aCIVIL EVIDENCE ACT 1985
650 _aCIVIL PROCEDURE RULES
650 _aEVIDENCE
650 _aHEARSAY EVIDENCE
650 _aWITNESSES
650 _aWOOLF REFORMS
690 _aLAW
942 _n0
948 _c15/06/1999
999 _c59523
_d59523